Diseño de una planta manufacturera de cajas de engranaje

Kaydedildi:
Detaylı Bibliyografya
Yazar: Rodríguez Beeche, Arnoldo L.
Materyal Türü: Bilinmiyor
Baskı/Yayın Bilgisi: [San José, Costa Rica] 1962
Konular:
Etiketler: Etiketle
Etiket eklenmemiş, İlk siz ekleyin!

MARC

LEADER 00000 a2200000 4500
003 011140
005 20221231143807.0
008 140114s1962 c a m 000 ||s d
040 |c cru CEDI 
090 |a TFG 173 
100 |a Rodríguez Beeche, Arnoldo L.  |9 17450 
245 |a Diseño de una planta manufacturera de cajas de engranaje 
260 |c 1962  |a  [San José, Costa Rica] 
300 |a  77 hojas : cuadros., gráficos, planos. (1 plegables en bolsa adjunta), ; 28 cm  
500 |a  Tesis de Incorporación (Ingeniero Industrial) Universidad de Costa Rica.  
650 |x ADMINISTRACION INDUSTRIAL  |9 17451 
942 |c TFG 
999 |c 12072  |d 12072